[Event "Mecklenburg VP LL 0809"]
[Site "Mecklenburg VP"]
[Date "2009.02.01"]
[Round "6.3"]
[White "Krueger, Alexander"]
[Black "Rossmann, Andreas"]
[Result "1-0"]
[WhiteElo "1974"]
[BlackElo "2021"]
[PlyCount "113"]
[EventDate "2008.10.05"]
[EventType "team-tourn"]
[EventRounds "9"]
[EventCountry "GER"]
[SourceTitle "EXT 2022"]
[Source "ChessBase"]
[SourceDate "2021.10.06"]
[SourceVersion "1"]
[SourceVersionDate "2021.10.06"]
[SourceQuality "1"]
[WhiteTeam "Warnemuende SF Ostsee"]
[BlackTeam "Neubrandenburg SG Eintracht"]
[WhiteTeamCountry "GER"]
[BlackTeamCountry "GER"]

1. e4 c5 2. Nf3 Nc6 3. d4 cxd4 4. Nxd4 Nf6 5. Nc3 d6 6. Bc4 Qb6 7. Ndb5 a6 8. Be3 Qa5 9. Nd4 e6 10. 0-0 Be7 11. Bb3 0-0 12. Kh1 Nxd4 13. Bxd4 b5 14. Qe2 Bb7 15. f3 Rac8 16. Qf2 b4 17. Bb6 Qh5 18. Ne2 Nd7 19. Nf4 Qb5 20. Be3 Nc5 21. a4 Qc6 22. Bxc5 dxc5 23. Bc4 Bf6 24. Nd3 Rfd8 25. e5 Be7 26. b3 Rd4 27. Nxb4 Qb6 28. Nd3 Rcd8 29. Rad1 Qc7 30. Qe2 Qa5 31. Qe1 Qc7 32. Nb2 Rxd1 33. Nxd1 Qd7 34. Nb2 Qd4 35. Nd3 h5 36. Qf2 Qc3 37. Qe2 h4 38. h3 Rd4 39. Rd1 Qa5 40. Nf2 Qd8 41. Rd3 Qc7 42. Ng4 Bg5 43. c3 Rxd3 44. Qxd3 Bf4 45. Bxa6 Bd5 46. c4 Bc6 47. Bb5 Bxb5 48. cxb5 Qa5 49. Qd1 Bg3 50. Ne3 Qc7 51. Nc4 Qe7 52. a5 Bf4 53. b6 Qg5 54. b7 Bxe5 55. Nxe5 Qxe5 56. Qd8+ Kh7 57. b8Q 1-0

[Event "Rostock op"]
[Site "Rostock"]
[Date "2008.08.29"]
[Round "3"]
[White "Krueger, Alexander"]
[Black "Kornblum, Dittmar"]
[Result "1-0"]
[WhiteElo "2055"]
[BlackElo "1730"]
[PlyCount "45"]
[EventDate "2008.08.28"]
[EventType "swiss"]
[EventRounds "7"]
[EventCountry "GER"]
[SourceTitle "CBM 126 Extra"]
[Source "ChessBase"]
[SourceDate "2008.11.05"]
[SourceVersion "1"]
[SourceVersionDate "2008.11.05"]
[SourceQuality "1"]

1. d4 Nf6 2. c4 e6 3. Nc3 d5 4. Nf3 Nbd7 5. e3 Be7 6. Bd3 0-0 7. c5 c6 8. Bd2 Qc7 9. b4 e5 10. dxe5 Nxe5 11. Be2 Bf5 12. 0-0 Ne4 13. Nd4 Bg6 14. f4 Nxd2 15. Qxd2 Nc4 16. Bxc4 dxc4 17. f5 Bh5 18. Ne4 Rfd8 19. Qc2 Qe5 20. f6 Bg6 21. fxe7 Rxd4 22. exd4 Qxd4+ 23. Qf2 1-0

[Event "Rostock op"]
[Site "Rostock"]
[Date "2008.08.29"]
[Round "4"]
[White "Zimmermann, Ulrich"]
[Black "Krueger, Alexander"]
[Result "0-1"]
[WhiteElo "1818"]
[BlackElo "2055"]
[PlyCount "124"]
[EventDate "2008.08.28"]
[EventType "swiss"]
[EventRounds "7"]
[EventCountry "GER"]
[SourceTitle "CBM 126 Extra"]
[Source "ChessBase"]
[SourceDate "2008.11.05"]
[SourceVersion "1"]
[SourceVersionDate "2008.11.05"]
[SourceQuality "1"]

1. e4 e6 2. d4 d5 3. Nc3 dxe4 4. Nxe4 Nf6 5. Nxf6+ gxf6 6. Nf3 Nc6 7. Be3 b6 8. c3 Bb7 9. Bd3 Be7 10. Qd2 Qd7 11. 0-0-0 0-0-0 12. Kb1 h5 13. Qe2 h4 14. h3 Rdg8 15. Rhg1 Bd6 16. Bb5 Qe7 17. c4 Nb8 18. Rc1 c5 19. dxc5 Bxc5 20. a3 a6 21. Ba4 Bxe3 22. Qxe3 Qc5 23. Qe2 Qf5+ 24. Bc2 Bxf3 25. Qxf3 Qxf3 26. gxf3 Kd7 27. f4 f5 28. b4 Nc6 29. Rce1 Nd4 30. Bd1 Kd6 31. Kb2 Ke7 32. Kc3 Rd8 33. Rg5 Kf6 34. Rgg1 Nc6 35. Bf3 Ne7 36. Re3 Ng6 37. Bb7 a5 38. bxa5 bxa5 39. Rf3 Rd7 40. Bc6 Rd6 41. Bb5 Rhd8 42. c5 Rd5 43. Kc4 Rd4+ 44. Kc3 R4d5 45. Kc4 Rc8 46. c6 Ne7 47. Rd3 Rxd3 48. Kxd3 Nxc6 49. Rc1 Nb4+ 50. Kd2 Rd8+ 51. Ke2 Nd5 52. Kf3 Ne7 53. Rc7 Rd4 54. Ra7 Nd5 55. Rxa5 Nxf4 56. Bf1 Ng6 57. Ra8 e5 58. a4 Rb4 59. a5 Nf4 60. Ke3 Rb3+ 61. Kd2 Rb2+ 62. Ke1 Rb1+ 0-1

[Event "Rostock op"]
[Site "Rostock"]
[Date "2008.08.28"]
[Round "2"]
[White "Tomczak, Rafal"]
[Black "Krueger, Alexander"]
[Result "1-0"]
[WhiteElo "2350"]
[BlackElo "2055"]
[PlyCount "59"]
[EventDate "2008.08.28"]
[EventType "swiss"]
[EventRounds "7"]
[EventCountry "GER"]
[SourceTitle "CBM 126 Extra"]
[Source "ChessBase"]
[SourceDate "2008.11.05"]
[SourceVersion "1"]
[SourceVersionDate "2008.11.05"]
[SourceQuality "1"]

1. e4 c5 2. Nf3 d6 3. d4 cxd4 4. Nxd4 Nf6 5. Nc3 e6 6. Bg5 Be7 7. Qd2 a6 8. 0-0-0 Qc7 9. f3 b5 10. Bd3 Nc6 11. Nxc6 Qxc6 12. h4 Bb7 13. Kb1 h6 14. Be3 Nd7 15. Bd4 b4 16. Ne2 e5 17. Be3 a5 18. Ng3 Nb6 19. Nf5 Rg8 20. Qe2 Qc7 21. Bb5+ Bc6 22. f4 Bxb5 23. Qxb5+ Nd7 24. fxe5 dxe5 25. Rd2 Bf8 26. Rhd1 0-0-0 27. Qa6+ Kb8 28. Rd5 Bc5 29. Ne7 Nb6 30. Rxd8+ 1-0

[Event "Mecklenburg VP-ch"]
[Site "Nakenstorf"]
[Date "2008.03.23"]
[Round "8.12"]
[White "Luther, Alexander"]
[Black "Krueger, Alexander"]
[Result "0-1"]
[WhiteElo "1377"]
[BlackElo "2070"]
[PlyCount "74"]
[EventDate "2008.03.20"]
[EventType "swiss"]
[EventRounds "9"]
[EventCountry "GER"]
[SourceTitle "EXT 2022"]
[Source "ChessBase"]
[SourceDate "2021.10.06"]
[SourceVersion "1"]
[SourceVersionDate "2021.10.06"]
[SourceQuality "1"]

1. e4 d6 2. d4 Nf6 3. Nc3 g6 4. Bg5 Bg7 5. Qd2 a6 6. Nf3 b5 7. a3 Bb7 8. Bd3 Nbd7 9. h4 e5 10. dxe5 dxe5 11. 0-0-0 Qe7 12. h5 Qe6 13. hxg6 hxg6 14. Rxh8+ Bxh8 15. Rh1 0-0-0 16. Kb1 Nc5 17. Qe3 Qd6 18. Rd1 Nxd3 19. Rxd3 Qe7 20. Rxd8+ Kxd8 21. Qd3+ Kc8 22. Nd2 Qd7 23. Qxd7+ Kxd7 24. g3 Ke6 25. f4 Nh5 26. Nf1 exf4 27. gxf4 Bxc3 28. bxc3 Bxe4 29. Ne3 Ng3 30. Kb2 Bd5 31. Kc1 Ne4 32. Bd8 c6 33. Ba5 Ng3 34. Kd2 c5 35. Nxd5 Kxd5 36. Kd3 Ne4 37. Ke3 Nd6 0-1

[Event "Mecklenburg VP-ch"]
[Site "Nakenstorf"]
[Date "2008.03.22"]
[Round "5"]
[White "Moeller, Peter"]
[Black "Krueger, Alexander"]
[Result "1-0"]
[WhiteElo "2142"]
[BlackElo "1995"]
[PlyCount "115"]
[EventDate "2008.03.20"]
[EventType "swiss"]
[EventRounds "9"]
[EventCountry "GER"]
[SourceTitle "EXT 2010"]
[Source "ChessBase"]
[SourceDate "2010.11.25"]
[SourceVersion "1"]
[SourceVersionDate "2010.11.25"]
[SourceQuality "1"]

1. g3 g6 2. Bg2 Bg7 3. d3 d5 4. Nd2 Nf6 5. e4 dxe4 6. dxe4 c5 7. Ngf3 Nc6 8. 0-0 0-0 9. c3 Ng4 10. Qe2 Nge5 11. Nxe5 Nxe5 12. Rd1 Qd3 13. Bf1 Qxe2 14. Bxe2 Be6 15. f4 Nc6 16. Nf3 Rfd8 17. Rxd8+ Rxd8 18. Ng5 Bc8 19. Be3 h6 20. Nf3 b6 21. Kf2 Kf8 22. a4 Bb7 23. e5 f6 24. Nh4 fxe5 25. Nxg6+ Kf7 26. f5 e6 27. Bh5 Kf6 28. fxe6 Kxe6 29. Bg4+ Kf6 30. Nh4 e4 31. Ng2 Ne5 32. Be2 Bc8 33. a5 Bg4 34. axb6 axb6 35. Ra6 Rd6 36. Bxc5 Rd2 37. Rxb6+ Kf7 38. Nf4 Bxe2 39. Nxe2 Nd3+ 40. Ke3 Rxe2+ 41. Kxe2 Nxc5 42. Rb5 Nd7 43. Ke3 Nf6 44. Rb7+ Kg6 45. c4 Bf8 46. b4 Kf5 47. h3 h5 48. c5 Ke5 49. c6 Nd5+ 50. Ke2 Bd6 51. Rh7 Kd4 52. g4 Nf4+ 53. Kf1 e3 54. Rd7 Ke4 55. Rxd6 Kf3 56. Rf6 e2+ 57. Ke1 Ke3 58. Rxf4 1-0

[Event "Mecklenburg VP-ch"]
[Site "Nakenstorf"]
[Date "2008.03.21"]
[Round "4"]
[White "Krueger, Alexander"]
[Black "Roehl, Rainer"]
[Result "1/2-1/2"]
[WhiteElo "1995"]
[BlackElo "2170"]
[PlyCount "55"]
[EventDate "2008.03.20"]
[EventType "swiss"]
[EventRounds "9"]
[EventCountry "GER"]
[SourceTitle "EXT 2010"]
[Source "ChessBase"]
[SourceDate "2010.11.25"]
[SourceVersion "1"]
[SourceVersionDate "2010.11.25"]
[SourceQuality "1"]

1. e4 c5 2. Nf3 Nc6 3. d4 cxd4 4. Nxd4 a6 5. Nc3 e6 6. Be3 Nge7 7. Qd2 Nxd4 8. Bxd4 Nc6 9. Be3 b5 10. Be2 Bb7 11. 0-0 Rc8 12. Rad1 Be7 13. f4 Na5 14. f5 Qc7 15. fxe6 dxe6 16. Bxb5+ axb5 17. Nxb5 Qc6 18. Qxa5 Qxe4 19. Rf3 0-0 20. c3 Qg4 21. Rd4 Qg6 22. Rg3 Qb1+ 23. Kf2 Bc5 24. Rd2 Bxe3+ 25. Rxe3 Qf5+ 26. Kg1 Qb1+ 27. Kf2 Qf5+ 28. Kg1 1/2-1/2

[Event "Mecklenburg VP-ch"]
[Site "Nakenstorf"]
[Date "2008.03.20"]
[Round "2"]
[White "Krueger, Alexander"]
[Black "Dettmann, Gerd"]
[Result "1-0"]
[WhiteElo "1995"]
[BlackElo "2199"]
[PlyCount "68"]
[EventDate "2008.03.20"]
[EventType "swiss"]
[EventRounds "9"]
[EventCountry "GER"]
[SourceTitle "EXT 2010"]
[Source "ChessBase"]
[SourceDate "2010.11.25"]
[SourceVersion "1"]
[SourceVersionDate "2010.11.25"]
[SourceQuality "1"]

1. e4 c5 2. Nf3 d6 3. d4 cxd4 4. Nxd4 Nf6 5. Nc3 a6 6. f3 e5 7. Nb3 Be6 8. Be3 Be7 9. Qd2 0-0 10. g4 b5 11. 0-0-0 Nbd7 12. Qf2 b4 13. Nd5 a5 14. Bc4 a4 15. Nd2 Bxd5 16. exd5 Nc5 17. Bxc5 dxc5 18. Ne4 Nxe4 19. fxe4 Qc7 20. h4 Bd6 21. Rdf1 Qa5 22. Rh3 b3 23. a3 bxc2 24. Rf3 Ra7 25. g5 Qd8 26. Rf5 Qe7 27. Qxc2 Rb7 28. Qxa4 Bc7 29. Rxf7 Rxf7 30. Rxf7 Qxf7 31. d6 Bxd6 32. Bxf7+ Rxf7 33. Qe8+ Bf8 34. Qe6 g6 1-0

[Event "Mecklenburg VP LL 0607"]
[Site "Mecklenburg VP"]
[Date "2007.04.01"]
[Round "8.4"]
[White "Krueger, Alexander"]
[Black "Littke, Helmut"]
[Result "1/2-1/2"]
[WhiteElo "1830"]
[BlackElo "1981"]
[PlyCount "198"]
[EventDate "2006.10.15"]
[EventType "team-tourn"]
[EventRounds "9"]
[EventCountry "GER"]
[SourceTitle "EXT 2008"]
[Source "ChessBase"]
[SourceDate "2007.11.25"]
[SourceVersion "1"]
[SourceVersionDate "2007.11.25"]
[SourceQuality "1"]
[WhiteTeam "Warnemuende SF Ostsee"]
[BlackTeam "Wismar"]
[WhiteTeamCountry "GER"]
[BlackTeamCountry "GER"]

1. e4 c5 2. Nf3 Nc6 3. d4 cxd4 4. Nxd4 Nf6 5. Nc3 e6 6. Bg5 Bb4 7. Nxc6 bxc6 8. Qd4 Be7 9. e5 Nd5 10. Bxe7 Qxe7 11. Be2 Qb4 12. Qxb4 Nxb4 13. 0-0-0 Ba6 14. Bxa6 Nxa6 15. Ne4 Ke7 16. Rd4 f5 17. Nd6 Rhb8 18. Rhd1 Rb6 19. Nc4 Rb7 20. Na5 Rc7 21. a3 Rb8 22. c4 Rb6 23. R1d3 c5 24. Rh4 h6 25. g4 d6 26. gxf5 exf5 27. Rh5 dxe5 28. Rxf5 Ke6 29. Rf8 Rb8 30. Rxb8 Nxb8 31. Rd5 Rf7 32. Rxc5 Rxf2 33. Rc8 Nd7 34. c5 Rxh2 35. Re8+ Kd5 36. c6 Nb6 37. Rd8+ Ke6 38. c7 Rh4 39. b3 Rd4 40. Nc4 Rd7 41. Nxb6 Rxc7+ 42. Nc4 h5 43. Re8+ Kf6 44. Kd2 Rc5 45. Ke3 Rb5 46. b4 Rd5 47. Rf8+ Kg6 48. Ra8 Kf5 49. Rxa7 Rd4 50. Nd2 g5 51. Rf7+ Ke6 52. Rf8 Rh4 53. Nf3 Rh3 54. Ke4 Kd6 55. Rf6+ Ke7 56. Re6+ Kd7 57. Nxg5 Rxa3 58. Rxe5 Ra4 59. Rb5 Kc6 60. Rb8 Kc7 61. Rh8 Rxb4+ 62. Kf5 Rb5+ 63. Kg6 Rb6+ 64. Kxh5 Rb1 65. Kg6 Rf1 66. Re8 Kd6 67. Ne4+ Kd5 68. Kg5 Rg1+ 69. Kf4 Rf1+ 70. Ke3 Re1+ 71. Kd3 Rd1+ 72. Nd2 Rh1 73. Rf8 Rh3+ 74. Nf3 Rg3 75. Rd8+ Kc5 76. Ke4 Rg4+ 77. Ke5 Rg2 78. Rc8+ Kb4 79. Kd5 Rg7 80. Ne5 Rh7 81. Nd3+ Kb3 82. Ke4 Re7+ 83. Ne5 Rh7 84. Nc4 Re7+ 85. Ne5 Rh7 86. Nf3 Kb4 87. Kd4 Rd7+ 88. Ke4 Re7+ 89. Ne5 Rh7 90. Kd5 Kb3 91. Nf3 Rd7+ 92. Ke4 Rh7 93. Kd3 Kb4 94. Rc4+ Kb5 95. Nd4+ Kb6 96. Rc6+ Kb7 97. Rf6 Rh1 98. Kc4 Rc1+ 99. Kb4 Kc7 1/2-1/2

[Event "Mecklenburg VP LL 0506"]
[Site "Mecklenburg VP"]
[Date "2005.12.11"]
[Round "4.3"]
[White "Sazanov, Vladimir"]
[Black "Krueger, Alexander"]
[Result "0-1"]
[WhiteElo "1593"]
[BlackElo "1889"]
[PlyCount "98"]
[EventDate "2005.10.23"]
[EventType "team-tourn"]
[EventRounds "9"]
[EventCountry "GER"]
[SourceTitle "EXT 2008"]
[Source "ChessBase"]
[SourceDate "2007.11.25"]
[SourceVersion "1"]
[SourceVersionDate "2007.11.25"]
[SourceQuality "1"]
[WhiteTeam "Schwerin II"]
[BlackTeam "Warnemuende SF Ostsee"]
[WhiteTeamCountry "GER"]
[BlackTeamCountry "GER"]

1. e4 c5 2. Nf3 Nc6 3. d4 cxd4 4. Nxd4 Nf6 5. Nxc6 bxc6 6. Bd3 e5 7. 0-0 Be7 8. Bg5 0-0 9. Qf3 d5 10. Bxf6 Bxf6 11. Nc3 Bb7 12. Rad1 d4 13. Ne2 c5 14. a4 Rc8 15. b3 g6 16. Bc4 Bg7 17. Qd3 Kh8 18. Ba6 Rc7 19. Bxb7 Rxb7 20. Qc4 Qc8 21. Qa6 Qc7 22. Nc1 f5 23. Rfe1 Rb4 24. Nd3 Rf6 25. Nxb4 Rxa6 26. Nxa6 Qb6 27. exf5 Qxa6 28. f4 Qd6 29. fxg6 hxg6 30. fxe5 Bxe5 31. g3 Kg7 32. Re2 Bf6 33. Rf2 Bg5 34. Rf3 Qe5 35. Rdf1 Qe2 36. h4 Be3+ 37. Kh1 Qxc2 38. Rf8 Qe4+ 39. Kh2 Qe6 40. Rb8 Qe7 41. a5 d3 42. a6 Qd6 43. Rb7+ Kh6 44. Rff7 Kh5 45. Rbd7 Qe5 46. Rde7 Qd4 47. Kh3 d2 48. Rh7+ Bh6 49. Rd7 Qg4+ 0-1

[Event "Mecklenburg VP LL 0506"]
[Site "Mecklenburg VP"]
[Date "2005.11.27"]
[Round "3.4"]
[White "Krueger, Alexander"]
[Black "Rossmann, Andreas"]
[Result "1-0"]
[WhiteElo "1889"]
[BlackElo "2051"]
[PlyCount "141"]
[EventDate "2005.10.23"]
[EventType "team-tourn"]
[EventRounds "9"]
[EventCountry "GER"]
[SourceTitle "EXT 2008"]
[Source "ChessBase"]
[SourceDate "2007.11.25"]
[SourceVersion "1"]
[SourceVersionDate "2007.11.25"]
[SourceQuality "1"]
[WhiteTeam "Warnemuende SF Ostsee"]
[BlackTeam "Neubrandenburg SG Eintracht"]
[WhiteTeamCountry "GER"]
[BlackTeamCountry "GER"]

1. e4 c5 2. Nc3 Nc6 3. g3 g6 4. Bg2 Bg7 5. f4 d6 6. h3 Nd4 7. Nce2 Nxe2 8. Qxe2 Qc7 9. d3 Bd7 10. Nf3 Bc6 11. 0-0 e6 12. c3 Ne7 13. Be3 0-0 14. Bf2 b6 15. d4 Qb7 16. Rfe1 Rac8 17. Rad1 Rfd8 18. g4 d5 19. e5 Bd7 20. Bh4 Re8 21. Bf1 Bh6 22. Bg3 Bf8 23. Qg2 Nc6 24. Bf2 c4 25. h4 b5 26. Be3 b4 27. h5 Be7 28. Ng5 Kg7 29. Qh2 Rh8 30. h6+ Kf8 31. Qc2 Rb8 32. Rb1 b3 33. axb3 Qxb3 34. Qxb3 Rxb3 35. Nf3 Ke8 36. Nd2 Rb7 37. b3 cxb3 38. Rxb3 Rxb3 39. Nxb3 Bd8 40. Nc5 Bb6 41. Nxd7 Kxd7 42. Kf2 Kc7 43. Bd3 Rb8 44. Rb1 Ne7 45. Bc1 Kd8 46. Kf3 Rc8 47. Bd2 Nc6 48. f5 Kd7 49. Bb5 Rg8 50. fxe6+ fxe6 51. Bg5 Rf8+ 52. Bf6 Rc8 53. Bd3 Ne7 54. Bb5+ Nc6 55. Ra1 Ke8 56. Kf4 Kf7 57. Kg5 Nd8 58. Rf1 Kg8 59. Be8 Rxc3 60. Bxg6 Bxd4 61. Bxd8 Be3+ 62. Kh5 hxg6+ 63. Kxg6 Bxh6 64. Kxh6 Rc8 65. Be7 d4 66. Kg6 d3 67. Bf6 Rc4 68. g5 Kf8 69. Rh1 Ke8 70. Rh8+ Kd7 71. Rd8+ 1-0

[Event "Mecklenburg VP LL 0506"]
[Site "Mecklenburg VP"]
[Date "2005.10.23"]
[Round "1.4"]
[White "Krueger, Alexander"]
[Black "Ledovski, Alexander"]
[Result "0-1"]
[WhiteElo "1889"]
[BlackElo "1879"]
[PlyCount "80"]
[EventDate "2005.10.23"]
[EventType "team-tourn"]
[EventRounds "9"]
[EventCountry "GER"]
[SourceTitle "EXT 2008"]
[Source "ChessBase"]
[SourceDate "2007.11.25"]
[SourceVersion "1"]
[SourceVersionDate "2007.11.25"]
[SourceQuality "1"]
[WhiteTeam "Warnemuende SF Ostsee"]
[BlackTeam "Stralsund FHSG"]
[WhiteTeamCountry "GER"]
[BlackTeamCountry "GER"]

1. e4 d5 2. exd5 Qxd5 3. Nc3 Qa5 4. g3 c6 5. Bg2 Nf6 6. d4 Bg4 7. Nge2 e6 8. 0-0 Bd6 9. Re1 0-0 10. Ne4 Nxe4 11. Bxe4 Nd7 12. c3 Nf6 13. Bg2 Qf5 14. Qd2 h5 15. Qg5 Qc2 16. Qd2 Qh7 17. Nf4 h4 18. Qd3 Bf5 19. Qe2 hxg3 20. fxg3 g5 21. Nxe6 fxe6 22. Bxg5 Kg7 23. Bf3 Rh8 24. Rf1 Raf8 25. Rf2 Qg6 26. h4 Ne4 27. Bxe4 Bxe4 28. Re1 Rxf2 29. Qxf2 Bd5 30. Qe3 Rf8 31. Rf1 Rxf1+ 32. Kxf1 Qb1+ 33. Kf2 Qxb2+ 34. Ke1 Qb1+ 35. Kf2 Qxa2+ 36. Ke1 Qb1+ 37. Kd2 Qf5 38. h5 a5 39. g4 Qxg4 40. Bf6+ Kg8 0-1

[Event "Mecklenburg VP LL 0405"]
[Site "Mecklenburg VP"]
[Date "2005.04.10"]
[Round "8.7"]
[White "Krueger, Alexander"]
[Black "Hammel, Ralf"]
[Result "1/2-1/2"]
[WhiteElo "1768"]
[BlackElo "2070"]
[PlyCount "77"]
[EventDate "2004.10.24"]
[EventType "team-tourn"]
[EventRounds "9"]
[EventCountry "GER"]
[SourceTitle "EXT 2009"]
[Source "ChessBase"]
[SourceDate "2008.11.26"]
[SourceVersion "1"]
[SourceVersionDate "2008.11.26"]
[SourceQuality "1"]
[WhiteTeam "Warnemuende SF Ostsee"]
[BlackTeam "Rostock Uni"]
[WhiteTeamCountry "GER"]
[BlackTeamCountry "GER"]

1. e4 e6 2. d4 d5 3. exd5 exd5 4. Nf3 Bg4 5. g3 Bd6 6. Bg2 Qe7+ 7. Qe2 Qxe2+ 8. Kxe2 Nf6 9. Be3 Nbd7 10. Nbd2 0-0 11. h3 Bh5 12. Rac1 Ne4 13. g4 Bg6 14. Nh4 Rae8 15. Nxg6 hxg6 16. Nxe4 dxe4 17. h4 f5 18. Bh3 f4 19. Bd2 Nf6 20. c4 c6 21. g5 Nh5 22. d5 e3 23. Be6+ Rxe6 24. dxe6 exd2 25. Kxd2 Re8 26. c5 Bc7 27. Rc4 Rxe6 28. Rh3 b5 29. Rd4 Kf7 30. Rhd3 a5 31. b3 Re7 32. a3 Ke6 33. Re4+ Be5 34. Ke2 Kf7 35. Kf3 Bc7 36. Red4 Ke6 37. Re4+ Kf7 38. Red4 Ke6 39. Re4+ 1/2-1/2

[Event "Mecklenburg VP LL 0405"]
[Site "Mecklenburg VP"]
[Date "2005.03.13"]
[Round "7.7"]
[White "Altenburg, Reiner"]
[Black "Krueger, Alexander"]
[Result "0-1"]
[WhiteElo "1788"]
[BlackElo "1768"]
[PlyCount "76"]
[EventDate "2004.10.24"]
[EventType "team-tourn"]
[EventRounds "9"]
[EventCountry "GER"]
[SourceTitle "EXT 2009"]
[Source "ChessBase"]
[SourceDate "2008.11.26"]
[SourceVersion "1"]
[SourceVersionDate "2008.11.26"]
[SourceQuality "1"]
[WhiteTeam "Ludwigslust"]
[BlackTeam "Warnemuende SF Ostsee"]
[WhiteTeamCountry "GER"]
[BlackTeamCountry "GER"]

1. d4 d5 2. c4 c6 3. cxd5 cxd5 4. Nc3 Bf5 5. Nf3 Nf6 6. Bf4 e6 7. e3 Qb6 8. Bxb8 Rxb8 9. Bb5+ Kd8 10. Ne5 Bg6 11. 0-0 Bd6 12. f4 Rc8 13. Bd3 Qxb2 14. Na4 Qa3 15. Bxg6 Qxe3+ 16. Kh1 hxg6 17. Nxf7+ Ke7 18. Nxh8 Rxh8 19. Rf3 Qe4 20. Nc5 Bxc5 21. dxc5 Ng4 22. Kg1 Nxh2 23. Rb3 Ng4 24. Qd2 Rh2 25. Rd1 g5 26. Rg3 Rh4 27. Rh3 Rxh3 28. gxh3 Ne3 29. Re1 gxf4 30. Qf2 g5 31. Re2 d4 32. Rb2 d3 33. a3 Nd1 34. Qd2 Qd4+ 35. Kf1 Nxb2 36. Kg2 Nc4 37. Qb4 Ne3+ 38. Kf3 Qxb4 0-1

[Event "Mecklenburg VP LL 0405"]
[Site "Mecklenburg VP"]
[Date "2005.01.16"]
[Round "5.7"]
[White "Neumann, Frank"]
[Black "Krueger, Alexander"]
[Result "1-0"]
[WhiteElo "2033"]
[BlackElo "1768"]
[PlyCount "119"]
[EventDate "2004.10.24"]
[EventType "team-tourn"]
[EventRounds "9"]
[EventCountry "GER"]
[SourceTitle "EXT 2009"]
[Source "ChessBase"]
[SourceDate "2008.11.26"]
[SourceVersion "1"]
[SourceVersionDate "2008.11.26"]
[SourceQuality "1"]
[WhiteTeam "Schwerin"]
[BlackTeam "Warnemuende SF Ostsee"]
[WhiteTeamCountry "GER"]
[BlackTeamCountry "GER"]

1. Nf3 Nf6 2. c4 g6 3. g3 Bg7 4. Bg2 0-0 5. 0-0 d6 6. d4 Re8 7. Nc3 c6 8. Qc2 Qc7 9. Rb1 a5 10. a3 e5 11. dxe5 dxe5 12. b4 Be6 13. Nd2 Nbd7 14. Bb2 Nb6 15. c5 Nc4 16. Nxc4 Bxc4 17. Na4 Be6 18. Nb6 Ra7 19. Nc4 axb4 20. axb4 Bxc4 21. Qxc4 Raa8 22. Rfd1 Red8 23. Bc3 Ne8 24. Rxd8 Rxd8 25. Ra1 Qc8 26. b5 cxb5 27. Qxb5 Rd7 28. c6 bxc6 29. Bxc6 Rd8 30. Ra8 Qxa8 31. Bxa8 Rxa8 32. Bxe5 Bxe5 33. Qxe5 Ng7 34. e4 h5 35. f4 Rc8 36. f5 g5 37. h3 Rc1+ 38. Kf2 Rc2+ 39. Ke3 Rc8 40. Qf6 g4 41. hxg4 hxg4 42. Qg5 Kf8 43. Qxg4 Ra8 44. Qh4 Kg8 45. g4 Re8 46. Kf4 Ra8 47. Qe7 Re8 48. Qg5 Kh7 49. Qh4+ Kg8 50. g5 Ra8 51. Qh6 Rf8 52. g6 fxg6 53. Qxg6 Kh8 54. Kg5 Ne8 55. Qh6+ Kg8 56. e5 Ng7 57. Kg6 Rf7 58. Qh7+ Kf8 59. Qh8+ Ke7 60. Qxg7 1-0

[Event "Hoeckendorf op"]
[Site "Hoeckendorf"]
[Date "2004.02.03"]
[Round "5"]
[White "Krueger, Alexander"]
[Black "Fischer, Arthur"]
[Result "1-0"]
[WhiteElo "2033"]
[BlackElo "2108"]
[PlyCount "115"]
[EventDate "2004.01.30"]
[EventType "swiss"]
[EventRounds "9"]
[EventCountry "GER"]
[SourceTitle "EXT 2008"]
[Source "ChessBase"]
[SourceDate "2007.11.25"]
[SourceVersion "1"]
[SourceVersionDate "2007.11.25"]
[SourceQuality "1"]

1. e4 e6 2. d4 d5 3. exd5 exd5 4. Nf3 Bd6 5. Bd3 Ne7 6. Be3 0-0 7. Nc3 c6 8. Qd2 b5 9. 0-0-0 a5 10. Rdg1 a4 11. g4 a3 12. b3 Bb4 13. Qe1 c5 14. dxc5 Nbc6 15. Bd2 Ng6 16. g5 Bxc3 17. Bxc3 d4 18. Bd2 Qd5 19. Be4 Qxc5 20. Bxc6 Qxc6 21. Nxd4 Qd5 22. Bc3 Bb7 23. f3 Rac8 24. Ba1 Qc5 25. Rg3 Rfd8 26. Qd2 Nf4 27. Rd1 Nd5 28. f4 Nxf4 29. Rc3 Qxg5 30. Rg3 Qe5 31. Kb1 Ng6 32. Rd3 Re8 33. Qb4 Qxh2 34. Qxb5 Be4 35. R3d2 Qc7 36. Kc1 h6 37. Rg1 Qf4 38. Qf1 Qe3 39. Qe1 Qf4 40. Rf1 Qc7 41. Qf2 Ne5 42. Nb5 Qb7 43. Nd6 Rxc2+ 44. Rxc2 Nd3+ 45. Kb1 Nxf2 46. Nxb7 Bxb7 47. Rcxf2 Rc8 48. Rf4 Ba6 49. Rd1 Be2 50. Rd2 Bh5 51. Rc4 Re8 52. Bd4 Bg6+ 53. Kc1 Re1+ 54. Rd1 Re2 55. Bc5 Rxa2 56. b4 Rb2 57. Rc3 Rg2 58. Rd2 1-0

[Event "Travemuende op 20th"]
[Site "Travemuende"]
[Date "2003.12.30"]
[Round "7"]
[White "Nacke, Lars"]
[Black "Krueger, Alexander"]
[Result "0-1"]
[WhiteElo "1680"]
[BlackElo "1903"]
[PlyCount "46"]
[EventDate "2003.12.??"]
[EventType "swiss"]
[EventRounds "7"]
[EventCountry "GER"]
[SourceTitle "EXT 2006"]
[Source "ChessBase"]
[SourceDate "2005.11.24"]
[SourceVersion "1"]
[SourceVersionDate "2005.11.24"]
[SourceQuality "1"]

1. d4 Nf6 2. c4 e6 3. Nf3 d5 4. e3 Be7 5. Nc3 0-0 6. Bd3 dxc4 7. Bxc4 Nbd7 8. 0-0 Nb6 9. Bd3 c5 10. dxc5 Bxc5 11. Qc2 Qe7 12. e4 e5 13. Bg5 h6 14. Bh4 Bg4 15. Nd2 g5 16. Bg3 Nh5 17. a4 Nxg3 18. hxg3 Be6 19. b3 Rac8 20. a5 Bd4 21. axb6 Rxc3 22. bxa7 Rxc2 23. a8Q Rxd2 0-1

[Event "Mecklenburg VP LL2 West 0304"]
[Site "Mecklenburg VP"]
[Date "2003.11.02"]
[Round "2.1"]
[White "Koehn, Dagmar"]
[Black "Krueger, Alexander"]
[Result "0-1"]
[WhiteElo "1682"]
[BlackElo "1640"]
[PlyCount "77"]
[EventDate "2003.09.28"]
[EventType "team-tourn"]
[EventRounds "9"]
[EventCountry "GER"]
[SourceTitle "EXT 2022"]
[Source "ChessBase"]
[SourceDate "2021.10.06"]
[SourceVersion "1"]
[SourceVersionDate "2021.10.06"]
[SourceQuality "1"]
[WhiteTeam "Malchow Schachinsel"]
[BlackTeam "Warnemuende SF Ostsee II"]
[WhiteTeamCountry "GER"]
[BlackTeamCountry "GER"]

1. e4 e6 2. d4 d5 3. exd5 exd5 4. Nf3 Nf6 5. Be2 Be7 6. 0-0 b6 7. Bb5+ c6 8. Bd3 Bg4 9. Bf4 Nbd7 10. c3 Nf8 11. Nbd2 Ng6 12. Bg3 0-0 13. Re1 Bd6 14. h3 Bh5 15. Bxd6 Qxd6 16. Qc2 Nf4 17. Ne5 Nxd3 18. Qxd3 Bg6 19. Nxg6 fxg6 20. Re3 Nh5 21. Re5 Rf7 22. Qe3 Raf8 23. Nf3 Qd7 24. Re1 Nf4 25. Re7 Qf5 26. Rxf7 Qxf7 27. Ne5 Qf6 28. h4 Qxh4 29. Nxc6 Qg4 30. Qg3 Ne2+ 31. Rxe2 Qxe2 32. Nxa7 Qxb2 33. Nc6 Qxa2 34. Ne7+ Kh8 35. Qh4 Qb1+ 36. Kh2 Qe4 37. Qxe4 dxe4 38. Nd5 Rxf2 39. Nxb6 0-1